00267 a2200109 450000500170000002000170001708200150003410000140004924500260006326000480008930000200013720250515122929.0 a297 76187 0  aF BOL  aBOLL, H.  aThe End of a Mission  aLondon, bWeidenfeld and Nicolson, c1968.  a207p., c19cm.